| 000 | 00858nam a2200253Ia 4500 | ||
|---|---|---|---|
| 003 | OSt | ||
| 005 | 20220925203413.0 | ||
| 006 | a|||||r|||| 00| 0 | ||
| 007 | ta | ||
| 008 | 220923b |||||||| |||| 00| 0 eng d | ||
| 020 |
_a9780822336150 _c1109.6600000000001 |
||
| 037 |
_bRKBA\ 09-10\ 4683, 12/07/2012, RAJKIRAN BOOK AGENCY _cGeneral Book |
||
| 040 |
_aRTL _cRTL _beng |
||
| 041 |
_2eng _aeng |
||
| 082 | _aY7.74, P5 | ||
| 100 |
_aGENOVA Nicholas De. _9265856 |
||
| 245 | 0 |
_aWorking the boundaries _b Race, spaces and illegality in Mexican Chicago |
|
| 260 |
_aDurham _bDuke University Press _c2005 |
||
| 300 |
_axvi, 329p _ccm. |
||
| 500 | _aBibliography: P.281 | ||
| 650 | _aSociology | ||
| 942 |
_hY7.74, P5 _cGB _2CC |
||
| 999 |
_c546259 _d546259 |
||